| 000 | 00469cam a2200181ua 4500 | ||
|---|---|---|---|
| 020 | _a90-277-2052-5 | ||
| 041 |
_aeng _h |
||
| 082 |
_a621.48 _bGIL/SO |
||
| 100 | _aGillett, W B . | ||
| 245 |
_aSolar collectors: Test methods and design guidelines / _cW B Gillett. _hTextual Documents |
||
| 250 |
_a1 / _b. |
||
| 260 |
_aToronto : _bD Van nostrand co , _c1985. |
||
| 300 | _a316 ; . | ||
| 504 | _a | ||
| 700 | 1 | _aMoon, J E . | |
| 942 | _cBK | ||
| 999 |
_c9303 _d9303 |
||